000 00503nam a2200169Ia 4500
008 090201s9999 xx 000 0 und d
010 _aKPL-42329
040 _bमराठी
041 _aमराठी
082 _a9219
_b42329
100 _aसौ. आशु रावजी
245 _aजिवलग
_cसौ. आशु रावजी
260 _c2004
_bडॉल्फिन लायब्ररी
300 _a210
_bमोठा
600 _aजिवलग
942 _cBOOK
999 _c209743
_d209743